Konfucianizmus v súčasnej čínskej kultúre a politike
Dejiny konfucianizmu - základné pojmy a myšlienky tradície. Konfucianizmus v 20. storočí. Nahliadanie na európsku kultúru ako na vzor, ktorý je potrebný šíriť aj v zaostalej Číne. Konfucianizmus v úzadí univerzít a teórie. Nový konfucianizmus - konfuciánska demokracia. Vzťah jednotlivca a spoločnost...
Uložené v:
| Hlavný autor: | |
|---|---|
| Médium: | Kapitola |
| Jazyk: | Slovak |
| Predmet: | |
| Tagy: |
Žiadne tagy, Buďte prvý, kto otaguje tento záznam!
|
MARC
| LEADER | 00000naa a2200000 4500 | ||
|---|---|---|---|
| 001 | 0247668 | ||
| 005 | 20240502073950.0 | ||
| 041 | 0 | |a slo | |
| 044 | |a SK | ||
| 245 | 1 | 0 | |a Konfucianizmus v súčasnej čínskej kultúre a politike |c František Škvrnda ml. |
| 520 | |a Dejiny konfucianizmu - základné pojmy a myšlienky tradície. Konfucianizmus v 20. storočí. Nahliadanie na európsku kultúru ako na vzor, ktorý je potrebný šíriť aj v zaostalej Číne. Konfucianizmus v úzadí univerzít a teórie. Nový konfucianizmus - konfuciánska demokracia. Vzťah jednotlivca a spoločnosti. Trend návratu čínskych politických elít k národným tradíciám. | ||
| 610 | 2 | 0 | |a spoločnosť |
| 610 | 2 | 0 | |a filozofia |
| 610 | 2 | 0 | |a kultúra |
| 610 | 2 | 0 | |a politika |
| 610 | 2 | 0 | |a dejiny |
| 610 | 2 | 0 | |a Čína |
| 100 | 1 | |a Škvrnda, František, ml., 1987- | |